| 000 | 00809nam a22002177a 4500 | ||
|---|---|---|---|
| 005 | 20150109134654.0 | ||
| 008 | 150109b2011 pe || |r|||| 00| 0 spa d | ||
| 040 |
_aCO-BoIAVH _cCO-BoIAVH |
||
| 041 | _aspa | ||
| 044 | _ape | ||
| 090 |
_aEA _b00243 |
||
| 110 | 1 |
_aPerú _bUnión Internacional para la Conservación de la Naturaleza-UICN _931297 |
|
| 245 | 1 |
_aInfracciones y Sanciones Forestales : _bGuía N° 4 |
|
| 260 |
_aLima : _bUnión Internacional para la Conservación de la Naturaleza -UICN, _bMinisterio de Asuntos Exteriores y de Cooperación-AECID, _c2011. |
||
| 300 |
_a36 pag _bIl. _c25 cm |
||
| 650 | 4 |
_aDerecho ambiental _931298 |
|
| 650 |
_aDelitos contra el medio ambiente _931299 |
||
| 650 | 4 |
_aPolítica forestal _931300 |
|
| 650 | 4 |
_aForestación _x Legislación _931301 |
|
| 942 |
_2z _cLIBRO |
||
| 999 |
_c8950 _d8950 |
||